Návrh spôsobov pre udržanie výkonnosti zamestnancov nad 50 rokov v podmienkach priemyselných podnikov

Uložené v:
Podrobná bibliografia
Hlavný autor: Belko, Peter (Autor)
Ďalší autori: Spišáková, Alžbeta (Vedúci práce)
Médium: Rukopis Kniha
Jazyk:Slovak
Vydavateľské údaje: 2015
Predmet:
On-line prístup:http://is.stuba.sk/zp/portal_zp.pl?podrobnosti=112305
Tagy: Pridať tag
Žiadne tagy, Buďte prvý, kto otaguje tento záznam!

MARC

LEADER 00000ntm a22000003a 4500
001 stuzp51868
003 SK-STU
005 20160719154005.7
007 ta
008 150427s2015----xo-----f-mn---000-0-slo-d
040 |a STU  |b slo 
041 0 |a slo 
100 1 |a Belko, Peter  |u 064000  |4 aut  |U MTF Materiálovotechnologická fakulta  |T MTF Ústav priemyselného inžinierstva a manažmentu  |X 45775  |U M4000  |Y 84  |7 45775 
242 0 1 |a The proposal ways to maintain the performance of employees over 50 years in terms of industrial companies  |y eng 
245 1 0 |a Návrh spôsobov pre udržanie výkonnosti zamestnancov nad 50 rokov v podmienkach priemyselných podnikov 
260 |c 2015 
650 4 |a výkonnosť  |2 slo 
650 4 |a podnik  |2 slo 
650 4 |a zamestnanec  |2 slo 
650 4 |a employee  |2 eng 
650 4 |a efficiency  |2 eng 
650 4 |a company  |2 eng 
700 1 |a Spišáková, Alžbeta  |4 ths  |X 69442  |7 A000069442 
856 4 |u http://is.stuba.sk/zp/portal_zp.pl?podrobnosti=112305 
996 |c M* BP-7320  |l MMSKP  |s P  |a 0  |w stuzp51868_0001 
SQL |a stuzp51868  |b DBP  |c SLO  |d Návrh spôsobov pre udržanie výkonnosti zamestnancov nad 50 rokov v podmienkach priemyselných podnikov  |e 45775  |f Belko, Peter  |g 064000  |h 69442  |i Spišáková, Alžbeta  |j 20150622  |k 173  |l 06  |m http://is.stuba.sk/zp/portal_zp.pl?podrobnosti=112305  |n B-PPP  |o 5.2.52. priemyselné inžinierstvo